Murshid al-ṭālibīn ilā tārīkh al-funūn al- jamīlah ʻinda qudamāʼ al-Miṣrīyīn /

محفوظ في:

المؤلف الرئيسي: Ṣādiq, Shukrī (مؤلف)

التنسيق: كتاب

اللغة: Arabic

منشور في: Miṣr : Maṭbaʻat al-Maʻārif, 1909.

الموضوعات:

الوسوم: إضافة وسم

لا توجد وسوم, كن أول من يضع وسما على هذه التسجيلة!

رقم الطلب: N5350 .S3 1909

LEADER 01114nam a2200241Ia 4500
003 OSt
005 20230814121005.0
008 130303s1909 ua 000 0 ara d
952 |0 0  |1 0  |2 lcc  |4 0  |6 N5350 S3 01909  |7 1  |9 49545  |a ARCE  |b ARCE  |d 2023-08-14  |l 0  |o N5350 .S3 1909  |p 1022629  |r 2023-08-14 00:00:00  |w 2023-08-14  |y BK 
999 |c 27291  |d 27291 
040 |c ARCE Library 
043 |a f-ua---  
050 4 |a N5350 .S3 1909 
100 1 |6 880-01  |a Ṣādiq, Shukrī,  |e author 
245 1 0 |6 880-02  |a Murshid al-ṭālibīn ilā tārīkh al-funūn al- jamīlah ʻinda qudamāʼ al-Miṣrīyīn /   |c taʼlīf Shukrī Ṣādiq. 
246 3 |a Tārīkh al-funūn al-jamīlah ʻinda qudamāʼ al-Miṣrīyīn. 
264 1 |a Miṣr :   |b Maṭbaʻat al-Maʻārif,   |c 1909. 
300 |a 200 pages ;   |c 24 cm. 
650 0 |a Art, Egyptian  |x History. 
880 1 |6 100-01/(3/r  |a صادق, شكري 
880 1 0 |6 245-02/(3/r  |a مرشد الطالبين إلى تاريخ الفنون الجميلة عند قدماء المصريين   |c تأليف شكري صادق.‪‪‪‪‪‪‪‪‪‪‪‪‪‪‪‪ 
901 |a reviewed 
942 |c BK  |2 lcc